000 00697nam a2200289Ia 4500
005 20260324131606.0
008 008 260324s9999 xx 000 0 eng d
020 _a9780429065262
037 _aEBOOK
040 _aCRL
040 _beng
040 _cCRL
041 _2eng
041 _aeng
084 _qCRL
100 _aWolfram Pohlers; Peter Koepke; Zoe Chatzidakis
_91186082
245 0 _aLogic Colloquium '02
245 0 _bLecture Notes in Logic 27
260 _bTaylor and Francis
260 _c2006
365 _a
365 _b165
856 _uhttp://www.taylorfrancis.com/books/9780429065262
942 _cEBOOK
999 _c1783396
_d1783396